=LDR 00000nam 2200000 4500 =001 000381 =005 20250710030940 =035 ##$$a 0010-0725000241 =007 ta =008 250710################a##########0#ind## =020 ##$$a 978-623-472-399-8 =082 ##$$a 398.209 598 =084 ##$$a 398.209 598 SHA b =100 #$$a Sharma, Bulbul =245 1#$$a Burung Kecil di Pegunungan Besar /$c Bulbul Sharma =250 ##$$a Cetakan Pertama =260 ##$$a Jakarta :$b Badan Pengembangan dan Pembinaan Bahasa,$c 2022 =300 ##$$a 24 hlm. : $b ilus. ; $c 29 cm =650 #4$$a CERITA ANAK INDONESIA-TERJEMAHAN =650 #4$$a LITERASI-BAHAN BACAAN =990 ##$$a TBM01020102